000 00926cab a2200277 4500
001 WB2747-21
008 090401t1991 xxu||||| |||| 00| 0 eng d
035 _a(Sirsi) u56361
041 _aeng
245 _aSpend mortgage relief on homeless
260 _c1991
350 _a0
490 _aIndependent
_v3 December 1991, 7
490 _aDaily Telegraph
_v3 December 1991, 7
490 _aScotsman
_v2 December 1991, 3(2)
520 _aIn a report marking the charity`s 25th anniversary, "Building for the Future", Shelter has called for a reallocation of the £7bn currently spent on mortgage tax relief, to the provision of housing for the homeless.
650 _aCOUNCIL HOUSING
650 _aHOMELESSNESS
650 _aHOUSING ASSOCIATIONS
650 _aMORTGAGE TAX RELIEF
650 _aTEMPORARY ACCOMMODATION
690 _aHOUSING-FINANCE
690 _aTAXATION
942 _n0
948 _c04/03/1997
999 _c34369
_d34369